000 00287nam a22001097a 4500
999 _c515954
_d515954
082 _aTNC A6X54 D262
100 _aDatta, Amlan
_922230
245 _aOn the edge of a century
_cby Amlan Datta
260 _aCalcutta
_bSubarnarekha
_c1999
300 _a148p.
650 _aIndia - History
_923431